|
|
|
|
| LEADER |
00881nam a22002411a 4500 |
| 001 |
c000211238 |
| 003 |
CARM |
| 005 |
20021125002200.0 |
| 008 |
871218s1968 00000 rus d |
| 019 |
1 |
|
|a 5634259
|5 LACONCORD2021
|
| 035 |
|
|
|a (OCoLC)220378722
|5 LACONCORD2021
|
| 040 |
|
|
|a NUN:U
|c NUN:U
|
| 100 |
1 |
|
|a Badalić, Josip,
|d 1888-
|
| 245 |
1 |
0 |
|a Pamiatniki russkoi shkolnoi dramy XVIII veka.
|
| 260 |
|
|
|c 1968.
|
| 300 |
|
|
|a 1 v.
|
| 650 |
|
0 |
|a Russian drama
|y 18th century
|x History and Criticism.
|
| 650 |
|
0 |
|a Theater
|z Soviet Union
|x History
|y 18th century.
|
| 650 |
|
0 |
|a College and school drama.
|
| 700 |
1 |
|
|a Kuz'mina, Vera Dmitrievna.
|
| 852 |
8 |
|
|b CARM
|h A2:AN01A0
|i B06320
|p 0295166
|f BK
|
| 999 |
f |
f |
|i b80e8b37-9c2b-5b1b-bb47-6c329656db2e
|s dd0b5aba-bfb1-5fb4-a495-eb5c25591750
|
| 952 |
f |
f |
|p Can circulate
|a CAVAL
|b CAVAL
|c CAVAL
|d CARM 1 Store
|e B06320
|f A2:AN01A0
|h Other scheme
|i book
|m 0295166
|